| 000 | 00855nam a2200265Ia 4500 | ||
|---|---|---|---|
| 003 | OSt | ||
| 005 | 20220927103617.0 | ||
| 006 | a|||||r|||| 00| 0 | ||
| 007 | ta | ||
| 008 | 220926b |||||||| |||| 00| 0 eng d | ||
| 024 | _a71715 | ||
| 037 | _cReference Collections | ||
| 040 |
_aRTL _cRTL _beng |
||
| 041 |
_2eng _aeng |
||
| 082 | _a"X755:(Z, 3), H9.92-1/UN" | ||
| 110 |
_aInternational Bank. For Reconstruction and Development and East African Community _9360456 |
||
| 245 | 0 | _aLetter agreement | |
| 260 |
_aNew _bYork I B R D USA _c1949 |
||
| 300 |
_a6p. _ccm. |
||
| 500 | _aloan No 914 EA | ||
| 650 |
_aForeign Loan _9360457 |
||
| 700 |
_aInternational Bank. For Reconstruction and Development and East African Community _9360458 |
||
| 942 |
_h"X755:(Z, 3), H9.92-1/UN" _cCC |
||
| 999 |
_c684276 _d684276 |
||